000 00674nam a2200169 4500
001 2622
005 20230410143101.0
008 060907n1963 dr spa
035 _9funglode2632
041 _aEN
050 1 4 _aOFICINA 6
245 0 _aLibrary binding handbook
260 _aBoston :
_bLibrary Binding Institute,
_c1963
300 _a49 p.
520 _aLibrary binding and the LBI standard, 9. -- How to examine library binding - a ten point check list, 13. -- Maintenance of library materials - the establishment of a system within a library, 15. -- Good binding practices - some recommendations, 20. -- Water - damaged books, 31
942 _2lcc
_cbk
999 _c95393
_d95393